000 00699nam a2200217Ia 4500
003 GCL
005 20240530102951.0
008 140319s9999 xx 000 0 ara d
040 _aGCL /
_cGCL
082 0 4 _a336.24
_bم ص
100 1 _aمحمد حسن الجزيري
245 1 0 _aضرائب الدخل وضريبة الايلولة فى التشريع المصرى /
_cمحمد حسن الجزيري
260 _a[S.N] :
_bمكتبة عين شمس ،
_c1992
300 _a479 ص
650 0 4 _aالضرائب
650 0 4 _aالمحاسبة
650 0 4 _aقوانين وتشريعات
650 0 4 _aضرائب الدخل
700 1 _aرفيق محمد الجزيرى
942 _2ddc
_cBK
999 _c35754
_d35754